History Quiz

Random History or Country Quiz

Countries of the Roman Empire Quiz Stats

 Plays Quiz Updated Feb 13, 2019

Score 0/53 Timer 05:00
8 Plays Today
Approx. Years Modern Country % Correct
BC753-476Italy
98.6%
BC238-475France
97%
BC218-400Spain
96.4%
BC58-475Germany
95.6%
43-410United Kingdom
94.8%
BC146-395Greece
94.3%
BC30-395Egypt
92.7%
BC190-395Turkey
91.4%
BC218-400Portugal
90.8%
BC200-401Switzerland
86%
BC16-475Austria
85.7%
6-395Israel
84.2%
BC57-475Belgium
82.9%
44-439Morocco
82.3%
63-68Russia
81.6%
114-363Iraq
81.3%
BC57-475Netherlands
79.6%
114-363Iran
79.4%
BC753-475Vatican City
78.6%
BC9-447Hungary
78.1%
46-297Libya
78%
29-275Romania
77.9%
BC64-395Syria
76.7%
BC167-395Croatia
75.8%
27-439Algeria
75.2%
BC9-447Slovakia
74.8%
27-439Tunisia
74.5%
Approx. Years Modern Country % Correct
29-395Serbia
74.3%
BC16-475Slovenia
73.8%
BC57-475Luxembourg
73.6%
BC146-379North Macedonia
73.4%
BC167-395Bosnia and Herzegovina
72%
106-395Jordan
72%
29-395Bulgaria
71.4%
106-395Saudi Arabia
70.9%
BC218-400Andorra
70.7%
29-395Ukraine
70.5%
BC167-395Albania
69.5%
BC396-301San Marino
69.5%
BC58-395Cyprus
68.2%
6-395Lebanon
67%
BC264-395Malta
66.9%
BC125-475Monaco
66.8%
6-395Palestine
64%
BC15-475Liechtenstein
62.9%
27-395Montenegro
62%
BC65-375Georgia
58.6%
29-395Kosovo
58.5%
BC65-395Armenia
56.6%
BC30-395Sudan
56.1%
29-275Moldova
53.8%
BC65-118Azerbaijan
48.5%
116-363Kuwait
46.7%

You're not logged in!

Compare scores with friends on all Sporcle quizzes.
OR
Log In

Show Comments

Extras

Top Quizzes Today


Score Distribution

Your Account Isn't Verified!

In order to create a playlist on Sporcle, you need to verify the email address you used during registration. Go to your Sporcle Settings to finish the process.

Report this User

Report this user for behavior that violates our Community Guidelines.

Details: